| 000 | 00434nam a22001577a 4500 | ||
|---|---|---|---|
| 003 | OSt | ||
| 005 | 20251119123049.0 | ||
| 008 | 251119b |||||||| |||| 00| 0 eng d | ||
| 020 | _a0760750394 | ||
| 040 | _cBARNES &NOBLE ,INC | ||
| 050 |
_aJQ 320 .K54 2004 _b.K54 2004 |
||
| 245 |
_aTHE MOST EVIL DICTATORS IN HISTORY _cKLEIN, SHELLEY |
||
| 250 | _a2ND EDITION | ||
| 260 |
_aSINGAPORE: _bBARNES & NOBLE ,INC, _c2004 |
||
| 942 |
_2lcc _cBK _n0 |
||
| 999 |
_c9836 _d9836 |
||